Score 0/12 Timer 10:00
0 Plays Today
Hint Answer % Correct
Shaped like a letterT-bone
100%
Where someone livesPorter House
45.7%
A clothingSkirt Steak
23.9%
Is a 3-d ShapeCube Steak
23.9%
The part of the body you sit onRump Steak
21.7%
Its a loinSirloin Steak
19.6%
A football termFlank Steak
19.6%
A fishTuna Steak
15.2%
A type of meat you can get from a bull or a oxBeef Steak
8.7%
Makes up a cageRib Steak
4.3%
Surf and TurfFilet Mingnon
4.3%
You can have this in a sandwichPork Steak
2.2%
Remove Ads.
Support Sporcle.
Get the best of Sporcle when you Go Orange. This ad-free experience offers more features, more stats, and more fun while also helping to support Sporcle. Thank you for becoming a member.

You're not logged in!

Compare scores with friends on all Sporcle quizzes.
OR
Log In

You Might Also Like...

Show Comments

Extras

Created Oct 8, 2013ReportNominate
Tags:steak

Top Quizzes Today


Score Distribution

Your Account Isn't Verified!

In order to create a playlist on Sporcle, you need to verify the email address you used during registration. Go to your Sporcle Settings to finish the process.

Report this User

Report this user for behavior that violates our Community Guidelines.

Details: